000 00609nam a2200193Ia 4500
003 GCL
008 140319s9999 xx 000 0 ara d
040 _aGCL /
_cGCL
082 0 4 _a891.3
_bب ى
100 1 _aبهادورى، سانينات
245 1 0 _aاليقظ (هديه من الآديب عبدالفتاح الجمل) /
_cبهادورى، سانينات
700 1 _aمحمد ابراهيم زكى
300 _a361
490 _aروايات عالمية
_v0
650 0 4 _aالادب
650 0 4 _aالادب الهندى
650 0 4 _aالادب الهندى المترجم
942 _2ddc
_cBK
999 _c42698
_d42698